[Event "Prague International Open"]
[Site "Prague CZE"]
[Date "2022.06.16"]
[Round "8.1"]
[White "Motylev, Alexander"]
[Black "Sedlak, Nikola"]
[Result "1-0"]
[WhiteTitle "GM"]
[BlackTitle "GM"]
[WhiteElo "2619"]
[BlackElo "2477"]
[WhiteFideId "4121830"]
[BlackFideId "922900"]
[EventDate "2022.06.10"]

1. e4 c6 2. d4 d5 3. e5 c5 4. dxc5 e6 5. c3 Nc6 6. Nf3 Bxc5 7. b4 Bb6 8. b5 Nce7
9. Bd3 Ng6 10. O-O N8e7 11. a4 Bc7 12. Re1 f6 13. exf6 gxf6 14. c4 dxc4 15. Bxc4
Qxd1 16. Rxd1 Ne5 17. Be2 Nd5 18. Bb2 Nf4 19. Nxe5 Nxe2+ 20. Kf1 Nf4 21. Ng4 e5
22. Nxf6+ Kf7 23. Ne4 Bf5 24. Nbc3 Rhd8 25. f3 Kg6 26. Ba3 Ba5 27. Rxd8 Rxd8 28.
Rd1 Rxd1+ 29. Nxd1 Be6 30. Ne3 b6 31. g3 Nh5 32. Ng4 Bb3 33. Nxe5+ Kg7 34. Nc6
Bxa4 35. Nxa7 Kg6 36. Bb2 Ng7 37. Bc3 1-0

[Event "Prague International Open"]
[Site "Prague CZE"]
[Date "2022.06.16"]
[Round "8.2"]
[White "Popovic, Dusan"]
[Black "Santiago, Yago De Moura"]
[Result "1/2-1/2"]
[WhiteTitle "GM"]
[BlackTitle "GM"]
[WhiteElo "2484"]
[BlackElo "2509"]
[WhiteFideId "927031"]
[BlackFideId "2103877"]
[EventDate "2022.06.10"]

1. Nf3 Nf6 2. g3 g6 3. b3 Bg7 4. Bb2 d5 5. c4 c6 6. Bg2 O-O 7. O-O a5 8. Nc3 Ne4
9. Na4 Bxb2 10. Nxb2 d4 11. e3 Bg4 12. Qc2 Bxf3 13. Bxf3 Nc5 14. Nd3 Nba6 15.
Nxc5 Nxc5 16. a3 Qd6 17. Rab1 Nd7 18. b4 axb4 19. axb4 Ra3 20. c5 Qf6 21. Bg2
Rfa8 22. Qe4 Ra2 23. Qxd4 Qxd4 24. exd4 Rxd2 1/2-1/2

[Event "Prague International Open"]
[Site "Prague CZE"]
[Date "2022.06.16"]
[Round "8.3"]
[White "Garriga Cazorla, Pere"]
[Black "Petr, Martin"]
[Result "1/2-1/2"]
[WhiteTitle "IM"]
[BlackTitle "GM"]
[WhiteElo "2495"]
[BlackElo "2488"]
[WhiteFideId "32011601"]
[BlackFideId "318299"]
[EventDate "2022.06.10"]

1. Nf3 Nf6 2. c4 g6 3. Nc3 Bg7 4. e4 c5 5. d4 cxd4 6. Nxd4 d6 7. Be2 Nc6 8. Be3
O-O 9. O-O Nxd4 10. Bxd4 Bd7 11. h3 Bc6 12. Qc2 Nd7 13. Bxg7 Kxg7 14. Rad1 a6
15. b4 b6 16. Bg4 Nf6 17. e5 Nxg4 18. hxg4 Qc8 19. Qe2 dxe5 20. Qxe5+ Kg8 21.
Rd4 Ra7 22. f3 Qc7 23. Qe3 b5 24. Rc1 e5 25. Rd2 bxc4 26. Nd5 Bxd5 27. Rxd5 Rb7
28. Rc5 Qb8 29. a3 Rb5 30. R1xc4 Rd8 31. g5 Rd1+ 32. Kf2 Qd6 33. a4 Rd2+ 34. Kg1
Rd1+ 35. Kh2 Rb8 36. Qxe5 Qxe5+ 37. Rxe5 Rb1 38. Ra5 R1xb4 39. Rxb4 Rxb4 40.
Rxa6 Kg7 41. Ra7 h6 42. gxh6+ Kxh6 43. g3 Kg7 44. f4 Rb2+ 45. Kh3 Ra2 46. Kh4
Ra3 47. g4 Rf3 48. Kg5 Ra3 49. Ra6 Ra1 50. a5 Ra2 51. f5 gxf5 52. gxf5 f6+ 53.
Kh5 Rh2+ 54. Kg4 Ra2 55. Ra8 Kh6 56. Rh8+ Kg7 57. Ra8 1/2-1/2

[Event "Prague International Open"]
[Site "Prague CZE"]
[Date "2022.06.16"]
[Round "8.4"]
[White "Wagner, Dennis"]
[Black "Kozak, Antoni"]
[Result "1/2-1/2"]
[WhiteTitle "GM"]
[WhiteElo "2584"]
[BlackElo "2459"]
[WhiteFideId "24650684"]
[BlackFideId "21832030"]
[EventDate "2022.06.10"]

1. d4 d5 2. c4 e6 3. Nf3 Nf6 4. g3 dxc4 5. Bg2 Bb4+ 6. Bd2 a5 7. Qc2 Bxd2+ 8.
Qxd2 c6 9. Ne5 b5 10. Nc3 Nd5 11. b3 cxb3 12. axb3 Bb7 13. O-O O-O 14. Ne4 Ra7
15. Nc5 b4 16. Rfc1 Ba6 17. Nxa6 Rxa6 18. Rc5 Nc3 19. e3 a4 20. bxa4 Nxa4 21.
Nxc6 Nxc6 22. Rxc6 Rxc6 23. Bxc6 Nc3 24. Qb2 Qd6 25. Bf3 e5 26. dxe5 Qxe5 27.
Kg2 Rb8 28. Qb3 h6 29. Ra6 Ne4 30. Ra7 Kh8 31. Qxf7 Ng5 32. Qf4 Nxf3 33. Kxf3
Qd5+ 34. e4 Qg8 35. Qe5 Rb6 36. Kg2 b3 37. Qb2 Qf8 38. Rd7 Qf6 39. Rd2 Qe6 40.
e5 Qc6+ 41. f3 Rb8 42. g4 Qc4 43. Rd1 Ra8 44. Kg3 Rf8 45. Kg2 Rc8 46. Kg3 Rf8
47. Kg2 Rb8 48. Re1 Kg8 49. Re4 Qe6 50. Kg3 Rb5 51. h4 h5 52. gxh5 Rc5 53. Qd4
Rd5 54. Qc3 Qb6 55. Re1 b2 56. Rb1 Qb8 57. Rxb2 Qxe5+ 58. Qxe5 Rxe5 59. Kg4 Kh7
60. Rb6 Re1 61. f4 Rg1+ 62. Kf5 Ra1 63. Rb8 Rh1 64. h6 g6+ 65. Kg5 Rg1+ 66. Kf6
Rg4 67. f5 gxf5 68. Kxf5 Rxh4 69. Kg5 Rh5+ 70. Kxh5 1/2-1/2

[Event "Prague International Open"]
[Site "Prague CZE"]
[Date "2022.06.16"]
[Round "8.5"]
[White "Seemann, Jakub"]
[Black "Stefansson, Hannes"]
[Result "0-1"]
[WhiteTitle "FM"]
[BlackTitle "GM"]
[WhiteElo "2363"]
[BlackElo "2532"]
[WhiteFideId "21874697"]
[BlackFideId "2300087"]
[EventDate "2022.06.10"]

1. d4 Nf6 2. c4 e6 3. Nc3 Bb4 4. e3 O-O 5. Bd2 b6 6. Bd3 Bb7 7. Nh3 d5 8. cxd5
exd5 9. Nf4 Bd6 10. Qf3 Bxf4 11. Qxf4 Re8 12. O-O Ba6 13. Bxa6 Nxa6 14. Rac1 Qd7
15. f3 Nb4 16. Qg3 Nd3 17. Rc2 c5 18. dxc5 bxc5 19. Ne2 Rac8 20. Bc3 Qe6 21. Kh1
Qf5 22. Bxf6 Qxf6 23. Nf4 Qf5 24. Qg4 Qxg4 25. fxg4 Nxf4 26. exf4 Re4 27. g3 Kf8
28. Rd1 d4 29. Rc4 a5 30. a3 Ke7 31. b4 Kd6 32. Rdc1 Re2 33. Rxd4+ cxd4 34. Rxc8
axb4 35. axb4 Kd5 36. Kg1 d3 37. Kf1 Kd4 38. Rc7 Re8 39. Rxf7 d2 40. Rd7+ Kc3
41. Kf2 Re1 42. Kf3 d1=Q+ 43. Rxd1 Rxd1 44. Ke4 Kxb4 45. Ke5 Re1+ 46. Kd6 Re2
47. g5 g6 48. h4 Rg2 49. f5 gxf5 50. Ke5 Rxg3 51. Kxf5 Rh3 52. Kg4 Rh1 53. h5
Kc5 0-1

[Event "Prague International Open"]
[Site "Prague CZE"]
[Date "2022.06.16"]
[Round "8.6"]
[White "Alsina Leal, Daniel"]
[Black "Raja, Harshit"]
[Result "1-0"]
[WhiteTitle "GM"]
[BlackTitle "GM"]
[WhiteElo "2514"]
[BlackElo "2479"]
[WhiteFideId "2252627"]
[BlackFideId "5089000"]
[EventDate "2022.06.10"]

1. e4 c5 2. Nf3 d6 3. d4 cxd4 4. Nxd4 Nf6 5. Nc3 a6 6. Be2 e5 7. Nb3 Be7 8. Be3
Be6 9. Nd5 Nbd7 10. Qd3 Bxd5 11. exd5 Rc8 12. c4 a5 13. a4 O-O 14. O-O Ne8 15.
Bg4 e4 16. Qe2 f5 17. Nd4 Ne5 18. Bxf5 Rxc4 19. Bxe4 Qb6 20. Rad1 Bg5 21. Bxg5
Rxd4 22. Bxh7+ Kxh7 23. Be3 Rxd1 24. Bxb6 Rxf1+ 25. Kxf1 Nf6 26. Bd4 Re8 27.
Qc2+ Kg8 28. h3 Kh8 29. Qc7 Ne4 30. g3 1-0

[Event "Prague International Open"]
[Site "Prague CZE"]
[Date "2022.06.16"]
[Round "8.7"]
[White "Sankalp, Gupta"]
[Black "Hrbek, Stepan"]
[Result "1-0"]
[WhiteTitle "GM"]
[BlackTitle "FM"]
[WhiteElo "2505"]
[BlackElo "2260"]
[WhiteFideId "5097010"]
[BlackFideId "393479"]
[EventDate "2022.06.10"]

1. Nf3 Nf6 2. c4 e6 3. Nc3 d5 4. e3 c5 5. cxd5 exd5 6. d4 a6 7. Be2 Nc6 8. O-O
Bd6 9. dxc5 Bxc5 10. b3 O-O 11. Bb2 Ba7 12. Rc1 Qd6 13. Rc2 Bf5 14. Rd2 Rad8 15.
Qa1 h6 16. Nxd5 Nxd5 17. Bxg7 Rfe8 18. Rxd5 Qxd5 19. Bh8 Nd4 20. Nxd4 Kxh8 21.
Ne6+ Bd4 22. Nxd4 Kg8 23. Rd1 Be4 24. Bf1 Rd6 25. Nf5 Bxf5 26. Rxd5 Rxd5 27. h4
Red8 28. Be2 Bd3 29. Bxd3 Rxd3 30. Qf6 R8d6 31. Qf5 Rd1+ 32. Kh2 R1d2 33. a4 Rg6
34. g4 Rb2 35. Qc8+ Kh7 36. Kg3 Rb6 37. Qf5+ Kg8 38. Qc8+ Kh7 39. Qc7 1-0

[Event "Prague International Open"]
[Site "Prague CZE"]
[Date "2022.06.16"]
[Round "8.8"]
[White "Hilby, Craig"]
[Black "Stremavicius, Titas"]
[Result "0-1"]
[WhiteTitle "IM"]
[BlackTitle "GM"]
[WhiteElo "2420"]
[BlackElo "2495"]
[WhiteFideId "2062674"]
[BlackFideId "12804444"]
[EventDate "2022.06.10"]

1. e4 c6 2. d4 d5 3. Nc3 dxe4 4. Nxe4 Nf6 5. Nxf6+ exf6 6. c3 Bd6 7. Bd3 O-O 8.
Ne2 Re8 9. Qc2 h5 10. O-O Nd7 11. Ng3 Bxg3 12. hxg3 Nf8 13. Be3 Bg4 14. b4 b5
15. a4 a6 16. c4 Qd7 17. Ra3 Rac8 18. Rc1 Qb7 19. Qa2 bxc4 20. Qxc4 Be6 21. Qc5
Bd5 22. Qa5 Ra8 23. Bc4 Ne6 24. Bxd5 cxd5 25. Rac3 Rab8 26. Rc6 Qxb4 27. Qxd5
Qxa4 28. Qxh5 Nxd4 29. Rxf6 Ne2+ 30. Qxe2 gxf6 31. Rc4 Qa1+ 32. Kh2 f5 33. Qh5
Qh8 34. Bh6 Rb6 35. Rh4 Rg6 36. Qxf5 Qf6 37. Qxf6 Rxf6 38. Be3 Rf5 39. g4 Rd5
40. g5 Red8 41. Rc4 a5 42. f4 Ra8 43. Ra4 Kf8 44. Bd4 Ke7 45. Kg3 Kd6 46. Kg4
Kc6 47. Bf6 Kb5 48. Re4 a4 49. Re7 a3 50. Rxf7 a2 51. Rc7 Rd1 52. f5 Ra4+ 53.
Kh3 Rd3+ 54. g3 Raa3 55. Rc1 Rxg3+ 56. Kh4 Rh3+ 57. Kg4 Rag3+ 58. Kf4 Rf3+ 59.
Ke4 Re3+ 60. Kf4 Rhf3+ 61. Kg4 Rf2 62. Ra1 Kc4 63. Rc1+ Kb4 64. Ra1 Kb3 65. g6
Re4+ 66. Kg5 Rg2+ 67. Kh6 Rf4 68. Rh1 Rxf5 69. Ba1 Kc2 70. g7 Rb5 71. Bd4 Rb4
72. Be5 Rb1 73. Rh5 Rb5 74. Bd4 Rb4 75. Be5 Rbg4 76. Rh1 Re4 77. Ba1 Rb4 78. Be5
Rb1 79. Rh3 Rbg1 80. Rc3+ Kd2 81. Rh3 Rg6+ 82. Kh7 Rxg7+ 83. Bxg7 Rxg7+ 84. Kxg7
a1=Q+ 85. Kg6 Qe5 86. Rf3 Qe4+ 87. Rf5 Ke3 88. Kf6 Qc6+ 89. Kg5 Qe6 90. Rb5 Qg8+
91. Kf6 Qf8+ 92. Kg5 Ke4 93. Rb1 Qf5+ 94. Kh6 Qa5 95. Rg1 Kf4 96. Rf1+ Ke5 97.
Rg1 Qd2+ 98. Kg6 Ke6 99. Rg4 Qd5 100. Kh6 Qf3 101. Rg5 Qh3+ 102. Kg6 Qh4 103.
Ra5 Qf6+ 104. Kh5 Qf3+ 105. Kg6 Qd3+ 106. Kh5 Kf6 107. Kh4 Qe4+ 108. Kh5 Qe2+
109. Kh4 Qe1+ 0-1

[Event "Prague International Open"]
[Site "Prague CZE"]
[Date "2022.06.16"]
[Round "8.9"]
[White "Garcia Ramos, Daniel"]
[Black "Mladek, Richard"]
[Result "1-0"]
[WhiteTitle "IM"]
[BlackTitle "FM"]
[WhiteElo "2441"]
[BlackElo "2361"]
[WhiteFideId "32010311"]
[BlackFideId "386588"]
[EventDate "2022.06.10"]

1. c4 e6 2. Nf3 d5 3. g3 d4 4. Bg2 Nc6 5. O-O Nh6 6. d3 Nf5 7. Na3 Bxa3 8. bxa3
O-O 9. Rb1 Rb8 10. e4 dxe3 11. fxe3 e5 12. Qe2 Nfe7 13. Bb2 Ng6 14. Nd2 Bd7 15.
h4 h6 16. Bc3 Re8 17. a4 Qc8 18. a5 a6 19. Bd5 Be6 20. Qf3 Bxd5 21. cxd5 Nd8 22.
Rbc1 Qd7 23. Nc4 f6 24. Bb4 Nf7 25. e4 Ne7 26. Rf2 Nc8 27. Rfc2 Na7 28. Ne3 Rbc8
29. Nf5 Kh7 30. Qg4 Rg8 31. Nxh6 Qxg4 32. Nxg4 c6 33. Bc5 Nb5 34. a4 Nbd6 35.
Bxd6 Nxd6 36. dxc6 Rgd8 37. cxb7 Rxc2 38. Rxc2 Nxb7 39. Rc7 Rxd3 40. Nxf6+ Kg6
41. Ne8 Rxg3+ 42. Kh2 Rb3 43. Rxg7+ Kh6 44. Rg3 Rb4 45. Nf6 1-0

[Event "Prague International Open"]
[Site "Prague CZE"]
[Date "2022.06.16"]
[Round "8.10"]
[White "Huzman, Alexander"]
[Black "Wagner, Dinara"]
[Result "1-0"]
[WhiteTitle "GM"]
[BlackTitle "WGM"]
[WhiteElo "2539"]
[BlackElo "2342"]
[WhiteFideId "2803828"]
[BlackFideId "24157570"]
[EventDate "2022.06.10"]

1. Nf3 d5 2. g3 c6 3. Bg2 Bg4 4. O-O Nd7 5. h3 Bh5 6. d3 Ngf6 7. c4 Bxf3 8. Bxf3
dxc4 9. dxc4 Ne5 10. Nd2 Nxf3+ 11. Nxf3 Qxd1 12. Rxd1 e6 13. Be3 Be7 14. Rd3 O-O
15. Rb3 b6 16. Ne5 Rfc8 17. a4 Bd6 18. Nd3 Nd7 19. a5 Kf8 20. Kg2 Ke8 21. f4 Bc7
22. Kf3 f5 23. Bd4 Kf7 24. Rba3 bxa5 25. Bc3 Nb6 26. Rxa5 Nxc4 27. Rxa7 Rxa7 28.
Rxa7 Kf8 29. Nc5 Ke7 30. Bxg7 Kd6 31. Nd3 c5 32. Bc3 h5 33. b3 Nb6 34. Be5+ 1-0

[Event "Prague International Open"]
[Site "Prague CZE"]
[Date "2022.06.16"]
[Round "8.11"]
[White "Iniyan, P"]
[Black "Nemec, Jachym"]
[Result "1-0"]
[WhiteTitle "GM"]
[BlackTitle "FM"]
[WhiteElo "2518"]
[BlackElo "2363"]
[WhiteFideId "25002767"]
[BlackFideId "23716525"]
[EventDate "2022.06.10"]

1. d4 d5 2. c4 c6 3. Nf3 Nf6 4. Nc3 e6 5. e3 Nbd7 6. Bd3 dxc4 7. Bxc4 b5 8. Bd3
Bd6 9. O-O Bb7 10. e4 e5 11. dxe5 Nxe5 12. Nxe5 Bxe5 13. Kh1 Qd7 14. Bc2 Qxd1
15. Nxd1 c5 16. Be3 O-O 17. f4 Bd4 18. Bxd4 cxd4 19. Nf2 Rfe8 20. Rfe1 Rac8 21.
Bd3 a6 22. Rad1 Ba8 23. Kg1 g6 24. Bb1 Rcd8 25. g3 Re7 26. Rd2 Ne8 27. Red1 Red7
28. Nd3 Rc7 29. Nb4 a5 30. Nd5 Bxd5 31. Rxd4 Rcd7 32. Rxd5 Rxd5 33. Rxd5 Rxd5
34. exd5 Kf8 35. Bd3 b4 36. Kf2 Ke7 37. Ke3 Kd6 38. Kd4 Nf6 39. Be2 Nxd5 40. Bc4
Nf6 41. Bxf7 Ng4 42. Bg8 Nf6 43. Bc4 Ng4 44. h3 Nf2 45. Be2 Nxh3 46. Ke3 Ng1 47.
Bf1 1-0

[Event "Prague International Open"]
[Site "Prague CZE"]
[Date "2022.06.16"]
[Round "8.12"]
[White "Lye, Lik Zang"]
[Black "Omelja, Artem"]
[Result "0-1"]
[WhiteTitle "FM"]
[BlackTitle "GM"]
[WhiteElo "2321"]
[BlackElo "2515"]
[WhiteFideId "5712181"]
[BlackFideId "14119846"]
[EventDate "2022.06.10"]

1. d4 d5 2. c4 e6 3. Nc3 Nf6 4. cxd5 exd5 5. Bg5 c6 6. e3 h6 7. Bh4 Be7 8. Bd3
O-O 9. Qc2 Re8 10. Nf3 Ne4 11. Bxe7 Qxe7 12. Bxe4 dxe4 13. Nd2 Bf5 14. O-O Nd7
15. f3 Nf6 16. fxe4 Bxe4 17. Ndxe4 Nxe4 18. Nxe4 Qxe4 19. Qxe4 Rxe4 20. Rf3 Rd8
21. b4 Rd5 22. a4 f6 23. Ra3 Kf7 24. Rf1 Ke6 25. Rc1 Kd6 26. Rb3 f5 27. g3 g5
28. b5 c5 29. dxc5+ Rxc5 30. Rd3+ Rd5 31. Rxd5+ Kxd5 32. Rc7 Rxa4 33. Rxb7 Ra1+
34. Kf2 Ra2+ 35. Kg1 Ke4 36. Rf7 h5 37. Rf6 Rb2 38. Rf7 Rxb5 39. Rxa7 Rb1+ 40.
Kf2 Rb2+ 41. Kg1 Kf3 42. Ra1 Rg2+ 43. Kh1 Re2 44. Kg1 Rxe3 45. Rf1+ Kg4 46. Rf2
Rf3 47. Ra2 Kh3 48. Ra5 g4 49. Rb5 Ra3 50. Rxf5 Ra1+ 51. Kf2 Ra2+ 52. Kg1 Rg2+
53. Kf1 Rxh2 54. Rxh5+ Kxg3 55. Rg5 Rh1+ 56. Ke2 Rh8 57. Kf1 Rf8+ 58. Kg1 Ra8
59. Kf1 Ra1+ 60. Ke2 Rg1 61. Rg8 Kh2 62. Rg7 g3 63. Kf3 Rf1+ 64. Ke2 Rf8 65.
Rh7+ Kg1 66. Rg7 g2 67. Rh7 Re8+ 68. Kd3 Re5 69. Kd4 Rg5 70. Ke3 Kf1 0-1

[Event "Prague International Open"]
[Site "Prague CZE"]
[Date "2022.06.17"]
[Round "9.1"]
[White "Stefansson, Hannes"]
[Black "Motylev, Alexander"]
[Result "0-1"]
[WhiteTitle "GM"]
[BlackTitle "GM"]
[WhiteElo "2532"]
[BlackElo "2619"]
[WhiteFideId "2300087"]
[BlackFideId "4121830"]
[EventDate "2022.06.10"]

1. e4 e5 2. Nf3 Nc6 3. Bc4 Bc5 4. c3 Nf6 5. d3 d6 6. O-O a5 7. Re1 Ba7 8. Na3
O-O 9. Bg5 h6 10. Bh4 g5 11. Bg3 g4 12. Nh4 Nh5 13. Nc2 Qg5 14. Ne3 Bxe3 15.
Rxe3 Ne7 16. d4 Nf4 17. Re1 Kh7 18. Bxf4 exf4 19. g3 f3 20. Bd3 Kg7 21. c4 Nc6
22. Bc2 Qf6 23. e5 dxe5 24. Qd3 Rh8 25. dxe5 Nxe5 26. Qe4 Nc6 27. Rad1 Be6 28.
h3 h5 29. Ba4 Rad8 30. Bxc6 bxc6 31. Qxc6 Rxd1 32. Rxd1 Qe5 33. Qb5 Qxb5 34.
cxb5 a4 35. hxg4 hxg4 36. Rc1 Rd8 37. b3 axb3 38. axb3 Rd7 39. Kf1 Kf6 40. b4
Rd4 41. Kg1 Rc4 42. Rb1 Ke7 43. Kf1 Re4 44. Rc1 Kd7 45. Rc5 Rxb4 46. Ke1 Re4+ 0-1

[Event "Prague International Open"]
[Site "Prague CZE"]
[Date "2022.06.17"]
[Round "9.2"]
[White "Petr, Martin"]
[Black "Alsina Leal, Daniel"]
[Result "1/2-1/2"]
[WhiteTitle "GM"]
[BlackTitle "GM"]
[WhiteElo "2488"]
[BlackElo "2514"]
[WhiteFideId "318299"]
[BlackFideId "2252627"]
[EventDate "2022.06.10"]

1. Nf3 Nf6 2. g3 d5 3. Bg2 g6 4. c4 c6 5. b3 Bg7 6. Bb2 O-O 7. O-O Re8 8. d4 Bf5
9. Nc3 Ne4 10. Nh4 Nxc3 11. Bxc3 Be6 12. c5 Bc8 13. f4 Nd7 14. b4 a5 15. a3 axb4
16. axb4 Rxa1 17. Qxa1 Nf6 18. Nf3 Ne4 19. Bb2 f6 20. Qa7 g5 21. fxg5 fxg5 22.
Qb8 Rf8 23. Bc1 h6 24. Ne5 Rxf1+ 25. Bxf1 Qf8 26. Be3 Kh7 27. Nd3 Nc3 28. Bf2
Nd1 29. e3 Qf5 30. Be2 Nc3 31. Bf1 Nd1 32. Be2 Nc3 33. Bf1 Ne4 34. h3 Nd2 35. g4
Qe4 36. Be2 Qe6 37. Ne5 Bxe5 38. dxe5 Kg7 39. Bd3 Ne4 40. Qc7 Kf7 41. Qd8 Bd7
42. Qh8 Kg6 43. Be1 Qf7 44. Qb8 Be6 45. Be2 d4 46. Qxb7 Bd5 47. Qd7 dxe3 48. e6
Qxe6 49. Qxe6+ Bxe6 50. Bd3 Bd5 51. Kf1 Kf6 52. Ke2 Nf2 53. Bxf2 exf2 54. Kxf2
Ke5 55. Ke3 Bg2 56. Bc2 Bd5 57. Bd3 Bg2 58. Bc2 Bd5 59. Bd3 1/2-1/2

[Event "Prague International Open"]
[Site "Prague CZE"]
[Date "2022.06.17"]
[Round "9.3"]
[White "Santiago, Yago De Moura"]
[Black "Garriga Cazorla, Pere"]
[Result "1/2-1/2"]
[WhiteTitle "GM"]
[BlackTitle "IM"]
[WhiteElo "2509"]
[BlackElo "2495"]
[WhiteFideId "2103877"]
[BlackFideId "32011601"]
[EventDate "2022.06.10"]

1. d4 d5 2. c4 e6 3. Nf3 Nf6 4. Nc3 dxc4 5. Qa4+ c6 6. Qxc4 b5 7. Qd3 a6 8. g4
Bb7 9. g5 Nfd7 10. Bg2 c5 11. dxc5 Nc6 12. Be3 Nb4 13. Qd2 Bxc5 14. Rc1 O-O 15.
O-O Rc8 16. Rfd1 Nd5 17. Nxd5 Bxd5 18. Bxc5 Nxc5 19. Rxc5 Rxc5 20. e4 Qc8 21.
exd5 Rxd5 22. Qe2 Rxd1+ 23. Qxd1 Rd8 24. Qe2 Qc1+ 1/2-1/2

[Event "Prague International Open"]
[Site "Prague CZE"]
[Date "2022.06.17"]
[Round "9.4"]
[White "Kozak, Antoni"]
[Black "Sankalp, Gupta"]
[Result "1/2-1/2"]
[BlackTitle "GM"]
[WhiteElo "2459"]
[BlackElo "2505"]
[WhiteFideId "21832030"]
[BlackFideId "5097010"]
[EventDate "2022.06.10"]

1. Nf3 d5 2. e3 Nf6 3. c4 e6 4. b3 b6 5. Bb2 Bb7 6. Nc3 a6 7. g3 dxc4 8. bxc4 c5
9. Bg2 Bd6 10. O-O O-O 11. Qe2 Nc6 12. Ne1 Qc7 13. f4 Rfe8 14. g4 Nd7 15. g5 Ne7
16. Ne4 Nf5 17. Nd3 b5 18. Ndf2 Nb6 19. d3 bxc4 20. dxc4 e5 21. Bh3 exf4 22.
Bxf5 fxe3 23. Qh5 Bxh2+ 24. Qxh2 exf2+ 25. Nxf2 Qxh2+ 26. Kxh2 Nxc4 27. Bc1 Rad8
28. Rb1 Bc6 29. Bd3 Ne5 30. Bxa6 Ra8 31. Bb5 Rxa2 32. Kg3 Raa8 33. Re1 Rab8 34.
Bxc6 Nxc6 35. Bf4 Rxe1 36. Rxe1 Rc8 37. Ne4 Nd4 38. Nd6 Rf8 39. Re7 f6 40. Kg4
Nc6 41. Rc7 fxg5 42. Bg3 Nd8 43. Be5 Nf7 44. Bc3 g6 45. Nxf7 Rxf7 46. Rc8+ Rf8
47. Rxc5 h5+ 48. Kxg5 Rf5+ 49. Rxf5 gxf5 50. Kxf5 h4 51. Kg4 h3 52. Kxh3 1/2-1/2

[Event "Prague International Open"]
[Site "Prague CZE"]
[Date "2022.06.17"]
[Round "9.6"]
[White "Fus, Jakub"]
[Black "Wagner, Dennis"]
[Result "1-0"]
[WhiteTitle "FM"]
[BlackTitle "GM"]
[WhiteElo "2390"]
[BlackElo "2584"]
[WhiteFideId "1193023"]
[BlackFideId "24650684"]
[EventDate "2022.06.10"]

1. d4 Nf6 2. c4 g6 3. Nf3 Bg7 4. e3 O-O 5. Be2 d6 6. O-O e5 7. dxe5 dxe5 8. Qxd8
Rxd8 9. Nxe5 Ne4 10. Nd3 Na6 11. Na3 Bf5 12. Nf4 Nec5 13. g4 Bd3 14. Nb5 Bxe2
15. Nxe2 Nd3 16. Rb1 Ne5 17. b3 Nxg4 18. Nbd4 Nb4 19. a3 Nd3 20. Bd2 c5 21. Nf3
Nde5 22. Nxe5 Bxe5 23. Rfd1 Bxh2+ 24. Kg2 Be5 25. Bc3 b6 26. Bxe5 Nxe5 27. Nf4
Kg7 28. Nd5 h5 29. f4 Nc6 30. b4 cxb4 31. axb4 Rd7 32. Kf3 Ne7 33. e4 Rc8 34.
Rbc1 Rb7 35. Ke3 a5 36. b5 Ng8 37. Kd4 Nf6 38. e5 Nd7 39. Rc3 Nc5 40. f5 gxf5
41. Rg3+ Kh6 42. Rh1 Ne6+ 43. Kc3 f4 44. Rgh3 Ng7 45. Rf3 Ne6 46. Rfh3 Ng7 47.
Rf1 Re8 48. Rxf4 Rxe5 49. Rf6+ Kh7 50. Rxb6 Rxb6 51. Nxb6 Re1 52. Kd2 Rb1 53.
Nd5 a4 54. Kc2 Re1 55. b6 Re2+ 56. Kb1 Re8 57. Nf6+ 1-0

[Event "Prague International Open"]
[Site "Prague CZE"]
[Date "2022.06.17"]
[Round "9.7"]
[White "Czerw, Dawid"]
[Black "Huzman, Alexander"]
[Result "1/2-1/2"]
[WhiteTitle "FM"]
[BlackTitle "GM"]
[WhiteElo "2386"]
[BlackElo "2539"]
[WhiteFideId "1145746"]
[BlackFideId "2803828"]
[EventDate "2022.06.10"]

1. e4 e6 2. d4 d5 3. Nc3 dxe4 4. Nxe4 Nd7 5. Nf3 Ngf6 6. Bg5 h6 7. Nxf6+ Nxf6 8.
Be3 Bd6 9. Bd3 Bd7 10. Ne5 Bxe5 11. dxe5 Nd5 12. Bd2 Qh4 13. Qe2 Nf4 14. Bxf4
Qxf4 15. Qe4 Qxe4+ 1/2-1/2

[Event "Prague International Open"]
[Site "Prague CZE"]
[Date "2022.06.17"]
[Round "9.8"]
[White "Niedbala, Bartlomiej"]
[Black "Iniyan, P"]
[Result "0-1"]
[WhiteTitle "FM"]
[BlackTitle "GM"]
[WhiteElo "2384"]
[BlackElo "2518"]
[WhiteFideId "21834008"]
[BlackFideId "25002767"]
[EventDate "2022.06.10"]

1. e4 e5 2. Nf3 Nc6 3. Bb5 a6 4. Ba4 Nf6 5. O-O b5 6. Bb3 Be7 7. Re1 d6 8. c3
O-O 9. h3 Nb8 10. d4 Nbd7 11. Nbd2 Bb7 12. Bc2 Re8 13. Nf1 Bf8 14. Ng3 g6 15.
Bd2 Bg7 16. Qc1 Re7 17. Bh6 Bxh6 18. Qxh6 Qf8 19. Qd2 c5 20. d5 Ne8 21. b3 f6
22. a4 Nc7 23. Ra2 Nb6 24. axb5 axb5 25. Rea1 Rb8 26. Ra7 Bc8 27. b4 c4 28. Kh2
h5 29. Nh4 Kh7 30. f4 Qh6 31. Rf1 Ra8 32. Rxa8 Ncxa8 33. Qc1 Ra7 34. Qd1 exf4
35. Ne2 g5 36. e5+ Kg8 37. exd6 gxh4 38. Nxf4 f5 39. Nxh5 Qxd6+ 40. Kh1 Rf7 41.
Bxf5 Qxd5 42. Qg4+ Kf8 43. Qg5 Qd6 44. Rf3 Bxf5 45. Rxf5 Rxf5 46. Qxf5+ Ke7 47.
Qg5+ Kd7 48. Qxb5+ Kc7 49. Ng7 Qd5 50. Qe8 Nd7 51. Ne6+ Kd6 52. Nd4 Nab6 53. Qe1
Qh5 54. Qe6+ Kc7 55. Qc6+ Kd8 56. Qd6 Qd1+ 57. Kh2 Qd3 58. Nc6+ Kc8 59. Ne7+ Kb7
60. Qc6+ Kb8 61. Kh1 Qf1+ 62. Kh2 Qf4+ 63. Kh1 Qc1+ 64. Kh2 Qxc3 65. Qd6+ Kb7
66. Qc6+ Ka6 67. Nc8 Qe5+ 68. Kh1 Qd5 69. b5+ Ka5 70. Nd6 Qd4 71. Ne4 Ne5 72.
Qb7 Kxb5 73. Kh2 c3 74. Nxc3+ Qxc3 75. Qe4 Qg3+ 76. Kh1 Nbc4 77. Qb7+ Kc5 78.
Qa7+ Kd5 79. Qb7+ Kd4 80. Qa7+ Kd3 81. Qh7+ Kd2 82. Qh6+ Ne3 83. Qd6+ Nd3 0-1

[Event "Prague International Open"]
[Site "Prague CZE"]
[Date "2022.06.17"]
[Round "9.9"]
[White "Omelja, Artem"]
[Black "Zylka, Stanislaw"]
[Result "0-1"]
[WhiteTitle "GM"]
[BlackTitle "FM"]
[WhiteElo "2515"]
[BlackElo "2374"]
[WhiteFideId "14119846"]
[BlackFideId "1189654"]
[EventDate "2022.06.10"]

1. Nf3 d5 2. e3 Nf6 3. c4 e6 4. b3 Nbd7 5. Bb2 c6 6. Nc3 a6 7. d4 b5 8. Bd3 Be7
9. O-O O-O 10. Qc2 h6 11. e4 b4 12. Na4 dxe4 13. Bxe4 Bb7 14. Ne5 Nxe5 15. dxe5
Nxe4 16. Qxe4 Qc7 17. c5 Qa5 18. Rac1 Qb5 19. Rc4 a5 20. Rd1 Rad8 21. Rd6 Ba6
22. Nb6 f6 23. h4 Bxd6 24. exd6 e5 25. Qe3 h5 26. f4 exf4 27. Qe6+ Kh8 28. d7 a4
29. Qe7 axb3 30. axb3 f3 31. g4 Qa5 32. Bxf6 f2+ 33. Kf1 gxf6 34. Qe3 Bxc4+ 35.
bxc4 Qa1+ 0-1